The 13 1/2 Lives of Captain Bluebear - Statistics

General Stats
  • This quiz has been taken 4 times
  • The average score is 7 of 14
Answer Stats
Chapter Answer % Correct
13 Life Aboard the SS Moloch
100%
1 Life as a Minipirate
100%
12 Life in Atlantis
100%
9 Life in the Demerara Desert
100%
4 Life on Gourmet Island
100%
11 Life in the Bollog's Head
50%
7 Life in the Great Forest
50%
2 Life with the Hobgoblins
50%
13 1/2 Half-Life at Peace
0%
5 Life as a Navigator
0%
8 Life in the Dimensional Hiatus
0%
6 Life in the Gloomberg Mountains
0%
10 Life in the Tornado City
0%
3 Life on the Run
0%
No matching quizzes found
Score Distribution
Percent of People with Each Score
Percentile by Number Answered
Your Score History
You have not taken this quiz